LEADER 01616nam--2200445---450- 001 990000782870203316 005 20090514165036.0 010 $a88-14-02031-0 035 $a0078287 035 $aUSA010078287 035 $a(ALEPH)000078287USA01 035 $a0078287 100 $a20011130d1989----km-y0itay0103----ba 101 0 $aita 102 $aIT 105 $a||||||||001yy 200 1 $aManuale per operatori criminologici$e(la violenza sui minori, la cause del disadattamento e della criminalità, la perizia nel nuovo codice di procedura penale, le misure alternative alla detenzione, la metodologia clinico-diagnostica, l'aids, le pervesioni sessuali)$fVincenzo Mastronardi$gcon la presentazione del prof. Franco Ferracuti 210 $aMilano$cGiuffrè$d1989 215 $a596 p.$d25 cm 606 0 $aPsichiatria forense 606 0 $aCriminologia 676 $a614.1 700 1$aMASTRONARDI,$bVincenzo$0526433 702 1$aFERRACUTI,$bFranco 801 0$aIT$bsalbc$gISBD 912 $a990000782870203316 951 $aXXVI.1.E 21 (IG XI 409)$b66905 E.C.$cXXVI.1.E 21 (IG XI)$d00207417 951 $aSANT.7 1 2$b406 DDPG$cSANT.7 959 $aBK 969 $aECO 969 $aDDPG 979 $aPATTY$b90$c20011130$lUSA01$h1316 979 $c20020403$lUSA01$h1725 979 $aPATRY$b90$c20040406$lUSA01$h1654 979 $aDDPG1$b90$c20060925$lUSA01$h1443 979 $aDDPG1$b90$c20060925$lUSA01$h1444 979 $aDDPG1$b90$c20070215$lUSA01$h0907 979 $aRSIAV1$b90$c20090514$lUSA01$h1650 996 $aManuale per operatori criminologici$9813139 997 $aUNISA